| Tag |
First Indicator |
Second Indicator |
Subfields |
| LEADER |
00000cam a2200000 i 4500 |
| 001 |
in00004742421 |
| 003 |
OCoLC |
| 008 |
230320t20232023enka 000 0 eng d |
| 005 |
20250816185342.8 |
| 020 |
|
|
|a 1911306944
|q hardcover
|
| 020 |
|
|
|a 9781911306948
|q hardcover
|
| 035 |
|
|
|a (OCoLC)1373233566
|
| 040 |
|
|
|a YDX
|e rda
|c YDX
|d COO
|d BDX
|
| 041 |
1 |
|
|a eng
|h fre
|
| 043 |
|
|
|a n-mx---
|
| 050 |
|
4 |
|a TR647
|b .A786 2023
|
| 082 |
0 |
|
|a 779.0.092
|2 23
|
| 100 |
1 |
|
|a Art, Maciejka,
|e photographer,
|e author.
|
| 240 |
1 |
0 |
|a Hoja santa.
|l English
|
| 245 |
1 |
0 |
|a Hoja santa /
|c photographs and text by Maciejka Art.
|
| 250 |
|
|
|a English edition.
|
| 264 |
|
1 |
|a Stockport, England :
|b Dewi Lewis Publishing,
|c [2023].
|
| 264 |
|
4 |
|c ©2023.
|
| 300 |
|
|
|a 1 volume (unpaged) :
|b illustrations (some color) ;
|c 26 cm.
|
| 336 |
|
|
|a still image
|b sti
|2 rdacontent
|
| 336 |
|
|
|a text
|b txt
|2 rdacontent
|
| 337 |
|
|
|a unmediated
|b n
|2 rdamedia
|
| 338 |
|
|
|a volume
|b nc
|2 rdacarrier
|
| 500 |
|
|
|a Published to coincide with the exhibition at Les Rencontres d'Arles, July 3rd to September 24th, 2023.
|
| 546 |
|
|
|a Translated from French.
|
| 600 |
1 |
0 |
|a Art, Maciejka
|z Exhibitions.
|
| 650 |
|
0 |
|a Photography of women
|v Exhibitions.
|
| 650 |
|
0 |
|a Photography, Artistic
|v Exhibitions.
|
| 650 |
|
0 |
|a Women
|z Mexico
|z Oaxaca (State)
|v Pictorial works.
|
| 710 |
2 |
|
|a Arles, rencontres de la photographie (Association),
|e host institution.
|
| 945 |
|
|
|b 808248
|
| 947 |
|
|
|a A14852471342
|
| 948 |
|
|
|a dmitchel 10/11/23 2.44.16
|
| 999 |
f |
f |
|i 82a7fbfc-a29c-4195-be2b-402f0188cfe3
|s 4db3d26d-9ca2-4911-a6a0-fd47122d9421
|t 0
|
| 952 |
f |
f |
|p normal
|a Texas A&M University
|b College Station
|c Sterling C. Evans Library
|d Evans: Library Stacks
|t 0
|e TR647 .A786 2023
|h Library of Congress classification
|i unmediated -- volume
|m A14852471342
|
| 998 |
f |
f |
|a TR647 .A786 2023
|t 0
|l Evans: Library Stacks
|